| 000 | 00370nam a2200157Ia 4500 | ||
|---|---|---|---|
| 003 | OSt | ||
| 005 | 20240326121242.0 | ||
| 008 | 170524s9999 xx 000 0 und d | ||
| 020 | _a8184160070 | ||
| 040 | _cIIMTU MEERUT | ||
| 100 | _aGandhi-T.P. | ||
| 245 | 0 | _aElements of Human anatomy physiology and Health | |
| 260 | _bB.S. Shah | ||
| 260 | _c2004 | ||
| 942 |
_2ddc _c02 |
||
| 999 |
_c6646 _d6646 |
||